Premier League Promotions and Relegations - Statistics

General Stats
  • This quiz has been taken 93 times
  • The average score is 37 of 45
Answer Stats
Answer % Correct
Leeds United
100%
Burnley
99%
Leicester City
99%
Fulham
97%
Sunderland
97%
Ipswich Town
96%
Norwich City
94%
Sheffield United
94%
Southampton
94%
Bournemouth
92%
Luton Town
92%
Swansea City
92%
Cardiff City
90%
Newcastle United
90%
Nottingham Forest
89%
Watford
89%
Wolverhampton Wanderers
89%
Middlesbrough
87%
West Ham United
87%
Brighton & Hove Albion
86%
Sheffield Wednesday
86%
Aston Villa
85%
Hull City
85%
Crystal Palace
83%
Manchester City
83%
Queens Park Rangers
83%
Blackburn Rovers
82%
Brentford
82%
Huddersfield Town
82%
West Bromwich Albion
82%
Birmingham City
79%
Stoke City
77%
Derby County
76%
Portsmouth
76%
Blackpool
75%
Charlton Athletic
70%
Bolton Wanderers
69%
Coventry City
68%
Wigan Athletic
65%
Reading
63%
Wimbledon
62%
Oldham Athletic
61%
Swindon Town
54%
Barnsley
49%
Bradford City
46%
No matching quizzes found
Score Distribution
Percent of People with Each Score
Percentile by Number Answered
Your Score History
You have not taken this quiz